000 00325nam a22001457a 4500
008 221206b ||||| |||| 00| 0 eng d
020 _a9788184739145
041 _aeng
080 _2SIXTH EDITION
_a575
082 _a575FER
100 _a13
101 _aBIOKIMI
245 _aBIOCHEMISTRY
_cFERRIER R D
942 _2udc
_cBK
999 _c59112
_d59112